Państwa, na których osiedli Wikingowie - Statystyki

Ogólne statystyki
  • Ten quiz został rozwiązany 38 047 razy
  • Średni wynik to 16 z 20
Statystyki odpowiedzi
Data osiedlenia się Państwo % Poprawnych
Przed 800 Norwegia
97%
Przed 800 Szwecja
97%
800-900 Polska
96%
800-900 Rosja
96%
800-900 Wielka Brytania
96%
Przed 800 Dania
95%
Przed 800 Finlandia (Wyspy Alandzkie)
95%
Przed 800 Niemcy
94%
900-1000 Francja
90%
800-900 Islandia
90%
800-900 Litwa
89%
Przed 800 Estonia
88%
800-900 Łotwa
88%
800-900 Irlandia
84%
1000- Kanada
74%
900-1000 Ukraina
73%
900-1000 Białoruś
68%
1000- Włochy
63%
1000- Turcja / Bułgaria
49%
1000- Malta
20%
Nie znaleziono quizów pasujących do podanych kryteriów
Rozkład punktacji
Procent ludzi z każdym wynikiem
Percentyl według liczby udzielonych odpowiedzi
Twoja historia wyników
Nie rozwiązałeś tego quizu